00542nam a2200181Ia 4500003000900000008004100009020002200050040001600072080001600088100002100104245009000125260004200215300001300257650001700270650002300287700002300310700002700333IN-BaIIA211028s9999 xx 000 0 eng d a978-3-527-41034-7 cIIA Library a52-337bRUD aRudiger, Gunther 0aMagnetic processes in astrophysicsbtheory, simulations, experimentscGunther Rudiger aWeinheimbWiley-VCH Verlag Gmbhc2013 ax, 346p. aAstrophysics aMagnetic processes aHollerbach, Rainer aKitchatinov, Leonid L.